Poesías Bellas y eternas: Antología

Uloženo v:
Podrobná bibliografie
Hlavní autor: Cané, Luis
Médium: Kniha
Jazyk:Undetermined
Vydáno: Buenos Aires, Argentina Editorial Atlántida 1954
Témata:
Tagy: Přidat tag
Žádné tagy, Buďte první, kdo vytvoří štítek k tomuto záznamu!

MARC

LEADER 00000nam a2200000Ia 4500
008 170316s9999 xx 000 0 und d
040 |a cru BVZT 
090 |a A-860 C-1.1p 
100 |a Cané, Luis 
245 |a Poesías Bellas y eternas: Antología 
260 |a Buenos Aires, Argentina 
260 |b Editorial Atlántida 
260 |c 1954 
300 |a 271 páginas 
650 |a LITERATURA LATINOAMERICANA 
650 |a ANTOLOGÍA 
999 |c 12481  |d 12481 
942 |c 15 D  |h A-860 C-1.1p  |2 z